| 000 | 00812cab a2200241 4500 | ||
|---|---|---|---|
| 001 | WB2720-62 | ||
| 008 | 090401t1991 xxu||||| |||| 00| 0 eng d | ||
| 035 | _a(Sirsi) u11433 | ||
| 041 | _aeng | ||
| 245 | _aEstate agent orders are delayed | ||
| 260 | _c1991 | ||
| 350 | _a0 | ||
| 490 |
_aMoney Week _vno 207 22/5/91 p10 |
||
| 520 | _aThere has been a two week delay in implementing the Estate Agents (Specified Offences) Order 1991 (SI 1991:860) which will now take effect on 1 June. | ||
| 650 | _aESTATE AGENTS ACT 1979 | ||
| 650 | _aESTATE AGENTS PROVISION OF INFORMATION ORDER 1991 | ||
| 650 | _aESTATE AGENTS UNDESIRABLE PRACTICES ORDER 1991 | ||
| 650 | _aORDERS | ||
| 650 | _aREGULATIONS | ||
| 690 | _aMANAGEMENT-BUSINESS MANAGEMENT-PROFESSIONAL PRACTICE | ||
| 942 | _n0 | ||
| 948 | _c04/03/1997 | ||
| 999 |
_c7288 _d7288 |
||